| 000 | 03339cgm a2200685Ia 4500 | ||
|---|---|---|---|
| 001 | 39415 | ||
| 005 | 20230410123842.0 | ||
| 007 | vd bvaizk | ||
| 008 | 040720p20041964cau142 vleng d | ||
| 035 | _a(OCoLC)ocm55977539 | ||
| 040 |
_aTEFMT _cTEFMT _dSRB _dLML _dRCS _dOCLCQ |
||
| 024 | 1 | _a024543115687 | |
| 035 | _a(OCoLC)55977539 | ||
| 041 | 1 |
_aeng _afre _aspa _beng _bspa _heng |
|
| 043 | _ae-gr--- | ||
| 082 | 0 | 4 |
_a791.43/72 _222 |
| 050 | 1 | 4 | _aCM DVD 00854 |
| 049 | _aGRAL | ||
| 245 | 0 | 0 |
_aMichael Cacoyannis' Zorba the Greek _h[videorecording] / _c20th Century Fox ; screenplay by Michael Cacoyannis ; produced and directed by Michael Cacoyannis. |
| 246 | 3 | 0 | _aZorba the Greek |
| 260 |
_aBeverly Hills, Calif. : _b20th Century Fox Home Entertainment, _cc2004. |
||
| 300 |
_a1 videodisc (ca. 142 min.) : _bsd., b&w ; _c4 3/4 in. |
||
| 490 | 1 | _aStudio classics | |
| 538 | _aDVD, region 1, anamorphic widescreen (1.85:1) presentation; Dolby Digital stereo., Dolby Digital mono. | ||
| 546 | _aEnglish, Spanish, or French with English or Spanish subtitles; closed-captioned. | ||
| 511 | 1 | _aLila Kedrova, Anthony Quinn, Alan Bates, Irene Pappas, Sotiris Moustakas, Anna Kyriakou, Eleni Anousaki, George Voyadjis, Takis Emmanuel, George Foundas. | |
| 508 | _aDirector of photography, Walter Lassally ; music, Mikis Theodorakis. | ||
| 500 | _aOriginally issued as a motion picture in 1964. | ||
| 500 | _aFrom the novel by Nikos Kazantzakis. | ||
| 500 | _aSeries from container. | ||
| 518 | _aFilmed on Crete. | ||
| 521 | 8 | _aMPAA rating: Not rated. | |
| 520 | _aA young British writer moves to Crete to find himself by working in his father's mine, and hires the playful Zorba. He falls in love with a lovely young widow. When she responds to him the townsmen attack her. | ||
| 586 | _aAcademy Awards for Best Cinematography (B & W), Best Supporting Actress (Kedrova), and Best Art Direction/Set Decoration (B & W); Academy Award Nominations for Best Picture, Best Actor (Quinn), Best Director, and Best Adapted Screenplay. | ||
| 500 | _aSide A: feature; side B: supplemental. | ||
| 500 | _aSpecial features: commentary by Michael Cacoyannis, alternate introduction, "Anthony Quinn : A Lust for Life" A & E Network Biography, Movietone news footage, theatrical trailers, behind-the-scenes still gallery. | ||
| 500 | _aSpecial features not rated or closed-captioned. | ||
| 650 | 0 |
_aAuthors, English _zGreece _zCrete _vDrama. |
|
| 650 | 0 |
_aMiners _zGreece _zCrete _vDrama. |
|
| 650 | 0 |
_aLove _vDrama. |
|
| 651 | 0 |
_aCrete (Greece) _xSocial life and customs _vDrama. |
|
| 650 | 7 |
_aAutores ingleses _zGrecia _zCrete _vTeatro. _2bidex |
|
| 650 | 7 |
_aMineros _zGrecia _zCrete _vTeatro. _2bidex |
|
| 655 | 0 | _aFeature films. | |
| 655 | 0 | _aVideo recordings for the hearing impaired. | |
| 700 | 1 | _aCacoyannis, Michael. | |
| 700 | 1 | _aKedrova, Lila. | |
| 700 | 1 |
_aQuinn, Anthony, _d1915-2001. |
|
| 700 | 1 |
_aBates, Alan, _d1934-2003. |
|
| 700 | 1 | _aPapas, Irene. | |
| 700 | 1 | _aVoyagis, Yorgo. | |
| 700 | 1 | _aFoundas, George. | |
| 700 | 1 |
_aLassally, Walter, _d1926- |
|
| 700 | 1 |
_aKazantzakis, Nikos, _d1883-1957. |
|
| 710 | 2 | _aTwentieth Century-Fox Film Corporation. | |
| 710 | 2 | _aTwentieth Century Fox Home Entertainment, Inc. | |
| 830 | 0 |
_aStudio classic ; _v21. |
|
| 942 |
_2lcc _cdvd |
||
| 994 |
_aC0 _bDRFGD |
||
| 999 |
_c67273 _d67273 |
||